书目信息 |
| 题名: |
摩托车驾驶与维修260问
|
|
| 作者: | 岑耀礼 编著 | |
| 分册: | ||
| 出版信息: | 北京 金盾出版社 1989 |
|
| 页数: | 206页 | |
| 开本: | 19cm | |
| 丛书名: | ||
| 单 册: | ||
| 中图分类: | U483-44 | |
| 科图分类: | 87.3892055 | |
| 主题词: | 摩托车-驾驶员--问答 , 驾驶员-摩托车--问答 | |
| 电子资源: | ||
| ISBN: | 7-80022-307-8 | |
| 000 | 00648nam0 2200229 45 | |
| 001 | 0196105657 | |
| 005 | 20070724105854.85 | |
| 010 | @a7-80022-307-8@dCNY6.00 | |
| 100 | @a19960904d1989 em y0chiy0120 ea | |
| 101 | 0 | @achi |
| 102 | @aCN@b110000 | |
| 105 | @ay z 000yy | |
| 200 | 10 | @a摩托车驾驶与维修260问@Amo tuo che jia shi yu wei xiu 260 wen@f岑耀礼等编著 |
| 210 | @a北京@c金盾出版社@d1989@h1996 | |
| 215 | @a206页@d19cm | |
| 606 | @a摩托车-驾驶员@x问答 | |
| 606 | @a驾驶员-摩托车@x问答 | |
| 690 | @aU483-44@v3 | |
| 692 | @a87.3892055@v2 | |
| 701 | 0 | @a岑耀礼@Acen yao li@4编著 |
| 801 | 0 | @aCN@bTSSF@c20070724 |
| 905 | @a10447@dU483-44@e185 | |
| 摩托车驾驶与维修260问/岑耀礼等编著.-北京:金盾出版社,1989(1996) |
| 206页;19cm |
| ISBN 7-80022-307-8:CNY6.00 |
| ● |
| 相关链接 |
|
|
|
|
正题名:摩托车驾驶与维修260问
索取号:U483-44/185
 
预约/预借
| 序号 | 登录号 | 条形码 | 馆藏地/架位号 | 状态 | 备注 |
| 1 | 0766391 | 207663919 | 第二样本阅览室/ [索取号:U483-44/185] | 在馆 |